| 000 | 00603nam a22001937a 4500 | ||
|---|---|---|---|
| 999 |
_c9032 _d9032 |
||
| 003 | AR-CdUCM | ||
| 008 | 190327b ||||| |||| 00| 0 spa d | ||
| 040 |
_aMUNICIPALIDAD PROVINCIAL DEL CUSCO _cBIBLIOTECA MUNICIPAL DEL CUSCO |
||
| 082 |
_a869.56 / _bB28 |
||
| 100 |
_aBausch Bedoya, German _92053 |
||
| 245 |
_aLa ciudad de un pequeño corazón : _bpoemas y poliritmos cuentos al calor del fogón / |
||
| 260 |
_aCusco : _bVisión, _c2001. |
||
| 300 |
_a133 páginas ; _c21 cm. |
||
| 650 |
_aCuentos. _9217 |
||
| 650 |
_aPoemas. _9929 |
||
| 650 |
_aCusco. _9772 |
||
| 942 |
_2ddc _cLIBROS |
||
| 945 | _awfj | ||